| 000 | 00411 a2200121 4500 | ||
|---|---|---|---|
| 100 | 1 |
_aCrompton, T. R.. _eAutor |
|
| 700 | 1 |
_aMazitov, Ju. A.. _e(perevod.) |
|
| 245 | 0 |
_aPervicnye istocniki toka / _cCrompton T. R., Mazitov Ju. A.. |
|
| 710 | 2 |
_aMir. _eWydawca _4pbl |
|
| 260 |
_aMoskva : _bMir, _c1986. |
||
| 300 |
_a328 s.: _bil.; _c21 cm. |
||
| 490 | 1 | _aApplied Electricity and Electronics | |
| 830 | 0 | _aApplied Electricity and Electronics | |
| 999 |
_c4482 _d4482 |
||